00513nam a2200193 a 4500001001300000003000900013005001700022008004100039020002300080082001300103100002000116245006500136260002500201300000900226500003500235505001600270650001300286700002000299nice12345678IN_TiNIC20260116015043.0050524s2004 dela grp 000 0 eng  a8172147 c22500a266bLAI aLaing, Mark T B aLeadership and Mission, Papers from the 9th CMS Consultation aDelhi bISPCK c2004 a285p aincludes index and biblioraphy2 aM.A. Thesis aMissions1 aLaing, Mark T B